000 00497nam a2200181Ia 4500
001 20912
005 20260306172840.0
008 260306t2019||||xx |||||||||||||| ||spa||
041 _aESP
082 _a343.8
_bS23
100 _aSánchez Arias, José Luis
_eAUT
245 0 _aLibros contables y comprobantes de pago electrónicos:
_b500 preguntas claves y sus respuestas
260 _c2019
300 _a670 páginas :
_c25 cm.
650 _aGEN
654 _aCCO
942 _cLIB
_dJUS
_fJUS
_2ddc
_n
999 _c20912
_d20912